| 000 | 01020nam a2200265Ia 4500 | ||
|---|---|---|---|
| 001 | 16214 | ||
| 003 | GE_BSU | ||
| 008 | 181216s||||||||xx |||||||||||||| ||und|| | ||
| 020 | _a9789941450358 | ||
| 040 | _cGE_BSU | ||
| 080 | _a611.9(075.8)+ 617-089(075.8) | ||
| 100 | _aთოიძე. შ, ლ.კიკალიშვილი,ე.ყიფიანი,დ.კორძაია | ||
| 245 | _aტოპოგრაფიული ანატომია და ოპერაციული ქირურგია | ||
| 245 | _bსახელმძღვ. | ||
| 245 | _cრედ:ნ.ჯავახიშვილი | ||
| 260 | _aთბილისი | ||
| 260 | _bგ.გ | ||
| 260 | _c2014 | ||
| 300 | _a509გვ;ილ,29სმ, | ||
| 300 | _bბიბლიოგრ.: გვ. 508 | ||
| 541 | _h37ლ. | ||
| 653 | _aმედიცინა | ||
| 653 | _aტოპოგრაფიული ანატომია; ოპერაციული ქირურგია | ||
| 942 | _cBK | ||
| 999 |
_c49298 _d49298 |
||